Axis Occupied Lands - WW2 - Statistics

General Stats
  • This quiz has been taken 307 times
  • The average score is 28 of 30
Answers on the Map
Answers color-coded by a green-red scale on the quiz's map according to % correct below.
 
Answer Stats
Answer % Correct
germany
99%
france
97%
italy
97%
poland
97%
norway
96%
austria
95%
belgium
95%
greece
95%
denmark
94%
estonia
94%
netherlands
94%
ukraine
94%
albania
93%
belarus
93%
latvia
93%
lithuania
93%
luxembourg
93%
romania
93%
serbia
93%
croatia
92%
hungary
92%
slovakia
92%
bulgaria
91%
czechia
91%
bosnia and herzegovina
90%
moldova
89%
montenegro
89%
slovenia
89%
kosovo
88%
macedonia
81%
No matching quizzes found
Score Distribution
Percent of People with Each Score
Percentile by Number Answered
Your Score History
You have not taken this quiz